000 00457nam a2200193Ia 4500
005 20240823033844.0
008 240823s9999||||xx |||||||||||||| ||und||
041 _aENGLISH
082 _A515.35 N8
100 _aNarayanan
245 0 _aDifferential Equations
250 _a9th
260 _c1988
_bS Viswanathan PV
500 _aTRANSFERED
650 _aEquations
_bMathematics
700 _a Manicavachagom Pillay
942 _cBK
999 _c196818
_d196818